000 00394 a2200169 4500
001 24352
020 _a9788508160501
040 _cAnchieta - São Paulo/Itaigara
100 _aBolognesi, Luiz
240 1 0 _aMeus heróis não viraram estátua
_lpor
245 1 0 _aMeus heróis não viraram estátua
300 _a64
362 0 _a2012
440 1 _aÁtica
650 4 _aBrasil
942 _cBK
999 _c24352
_d24352